000 01366nam a22003617a 4500
003 DO-SdBNP
005 20250519123339.0
007 ta
008 211122b2009 a|||e |||| 001 0 spa d
040 _aDO-SdBNP
_bspa
_cBNPHU
082 _222
_a573.67
_bP293c
110 1 0 _aPastoral Materno Infantil
_980705
245 1 _aCuaderno de la gestante /
_cPastoral Materno Infantil ; ilus. Marcia Camejo
260 _aSanto Dominigo :
_bPastoral Materno Infantil,
_c2009.
300 _a42 p. :
_bil. ;
_c23 cm.
500 _aGuía educativa.
505 _aPrimer encuentro : Juntas en un tiempo muy especial.
505 _aSegundo encuentro : Cuidando dos tesoros.
505 _aTercer encuentro : Una vida dentro de mí.
505 _aCuarto encuentro : Alimentación de la embarazada.
505 _aQuinto encuentro : La familia gestante .
505 _aSexto encuentro : Lactando con amor.
505 _aSeptimo encuentro : Preparación para el parto.
505 _aOctavo encuentro : Derechos y cuidados de la mujer.
505 _aNoveno encuentro : Un proyecto para mi bebé.
505 _aDécimo encuentro : Cuidado al recién nacido.
590 _aInventariado, 2021 / SA
650 4 0 _aEmbrazo
_91406
700 1 _aMarcia Camejo
_eIlustración
_980706
700 1 _aNavarro,S.J., P. José
_980707
910 _aSaquino
942 _2ddc
_cLF2
999 _c51018
_d51018